| 000 | 01840nam a2200277Ia 4500 | ||
|---|---|---|---|
| 999 |
_c50899 _d50899 |
||
| 001 | 17854 | ||
| 003 | GE_BSU | ||
| 005 | 20250213163055.0 | ||
| 008 | 181216s2015||||ge |||||||||||||| ||geo|| | ||
| 020 | _a9789941240928 | ||
| 040 | _cGE_BSU | ||
| 041 | _ageo | ||
| 080 | _a27-36 წ-71 | ||
| 245 |
_aწმინდა მღვდელმთავარი იოანე (მაქსიმოვიჩი) / _cშემდგენელი მანანა ტუაევა ; გარეკანის დიზაინი რატი თორდია. |
||
| 264 |
_aთბილისი : _bპალიტრა L, _c2015. |
||
| 300 |
_a168 გვ. ; _c20 სმ. |
||
| 490 |
_aსაქართველოს იმედი II : ყველა წმინდანი, რომელთა შესახებაც უნდა იცოდე / პროექტის რედაქტორი თამარ მამაცაშვილი ; _vწიგნი 32 |
||
| 500 | _aიბეჭდება სრულიად საქართველოს კათოლიკოს-პატრიარქის, უწმინდესისა და უნეტარესის ილია II-ის ლოცვა-კურთხევით | ||
| 541 | _h2 ლ. | ||
| 653 | _aრელიგია | ||
| 653 | _aწმინდა მღვდელმთავარი იოანე (მაქსიმოვიჩი) | ||
| 700 |
_aტუაევა, მანანა _eშემდგენელი _922759 |
||
| 700 |
_aმამაცაშვილი, თამარ _eპროექტის რედაქტორი _924359 |
||
| 700 |
_aთორდია, რატი _eგარეკანის დიზაინერი _917902 |
||
| 942 |
_cBK _2udc |
||